Pays qui se boivent ou se mangent (mort subite) - Statistiques

Statistiques générales
  • Ce quiz a été pris 175 fois
  • Le résultat moyen est 6 sur 8
Answers on the Grid
Answers color-coded by a green-red scale on the quiz's grid according to % correct below.
Chili
Saint-Christophe-et-Niévès
Grenade
Canada
Papouasie - Nouvelle-Guinée
Macédoine du Nord
République démocratique du Congo
Barbade
Bosnie-Herzégovine
Monaco
Myanmar
Saint-Vincent-et-les-Grenadines
 
Statistiques - réponses
Réponse % Correct
Grenade
97%
Chili
95%
Monaco
85%
Macédoine du Nord
82%
Saint-Vincent-et-les-Grenadines
80%
Barbade
71%
Canada
44%
Bosnie-Herzégovine
8%
Aucun quiz correspondant
Distribution des résultats
% des personnes avec chaque résultat
Percentile par nombre de réponses
Votre historique - résultats
Vous n’avez pas pris ce quiz